[Event "European Individual Chess Championship "]
[Site "Reykjavik, Iceland"]
[Date "2021.08.31"]
[Round "6.50"]
[White "Saraci, Nderim"]
[Black "Lorscheid, Gerhard"]
[Result "1-0"]
[WhiteElo "2455"]
[BlackElo "2202"]
[PlyCount "129"]
[EventDate "2021.08.26"]

1. Nf3 Nf6 2. g3 c5 3. Bg2 g6 4. O-O Bg7 5. c4 Nc6 6. d4 cxd4 7. Nxd4 O-O 8.
Nc3 Nxd4 9. Qxd4 d6 10. Qh4 Qa5 11. Bd2 Be6 12. Rad1 Qa6 13. b3 Rac8 14. a4 Rc5
15. Bf3 Re8 16. Nb5 Nd7 17. Be3 Bf6 18. Qe4 Re5 19. Qxb7 Qxb7 20. Bxb7 Nc5 21.
Bf3 Bh3 22. Rfe1 Nxb3 23. Bxa7 Rc8 24. Rd3 Na5 25. Bd4 Nxc4 26. Bxe5 Nxe5 27.
Ra3 Nc4 28. Ra2 Na5 29. Bd5 Rc5 30. Rd2 Bd7 31. Rb1 Nc4 32. Bxc4 Rxc4 33. Ra2
Bf5 34. Rd1 Be6 35. Ra3 Bb2 36. Rb3 Bf6 37. a5 Rc2 38. Ra3 Bb2 39. Ra4 Bd7 40.
a6 Bxb5 41. a7 Bc6 42. a8=Q+ Bxa8 43. Rxa8+ Kg7 44. Ra2 d5 45. e3 e6 46. Kf1 d4
47. exd4 Rc1 48. Rxc1 Bxc1 49. Ke2 Bg5 50. Ra7 h5 51. h3 Bf6 52. Kd3 Kf8 53.
Ke4 Kg7 54. Rd7 Kf8 55. Kd3 Ke8 56. Rb7 Kf8 57. Kc4 Ke8 58. Kc5 Be7+ 59. Kc6
Ba3 60. Rb3 Bf8 61. d5 exd5 62. Kxd5 Bg7 63. Kd6 Bf8+ 64. Kc6 f5 65. Rb7 1-0

[Event "European Individual Chess Championship "]
[Site "Reykjavik, Iceland"]
[Date "2021.08.31"]
[Round "6.51"]
[White "Thorhallsson, Simon"]
[Black "Gretarsson, Helgi Ass"]
[Result "1/2-1/2"]
[WhiteElo "2199"]
[BlackElo "2447"]
[PlyCount "88"]
[EventDate "2021.08.26"]

1. e4 e5 2. Nf3 Nc6 3. Bc4 Nf6 4. Ng5 d5 5. exd5 Na5 6. Bb5+ c6 7. dxc6 bxc6 8.
Bd3 Nd5 9. Nf3 Bd6 10. O-O Nf4 11. Re1 Nxd3 12. cxd3 O-O 13. Nc3 Re8 14. b3 Bc7
15. d4 exd4 16. Rxe8+ Qxe8 17. Na4 Nb7 18. d3 Bg4 19. Bb2 c5 20. h3 Bh5 21. g4
Bg6 22. Nh4 Qc6 23. Nxg6 fxg6 24. Qf1 Rf8 25. Qg2 Qf3 26. Re1 Bd6 27. Ba3 g5
28. Qxf3 Rxf3 29. Kg2 Rxd3 30. Re8+ Kf7 31. Ra8 c4 32. Bxd6 Nxd6 33. Rxa7+ Kf6
34. Ra6 Ke5 35. Ra5+ Kf6 36. Rd5 Ne4 37. Rf5+ Kg6 38. Nb2 Rd2 39. Nxc4 Rxa2 40.
Ne5+ Kh6 41. Nf7+ Kg6 42. Nh8+ Kh6 43. Nf7+ Kg6 44. Nh8+ Kh6 1/2-1/2

[Event "European Individual Chess Championship "]
[Site "Reykjavik, Iceland"]
[Date "2021.08.31"]
[Round "6.52"]
[White "Thorfinnsson, Bragi"]
[Black "Gueci, Tea"]
[Result "1-0"]
[WhiteElo "2439"]
[BlackElo "2188"]
[PlyCount "113"]
[EventDate "2021.08.26"]

1. d4 d5 2. Bf4 e6 3. e3 c5 4. Nd2 Nc6 5. Ngf3 Bd6 6. Bg3 cxd4 7. exd4 Nge7 8.
Bd3 f6 9. c4 dxc4 10. Nxc4 Bb4+ 11. Kf1 b5 12. Ne3 a6 13. Rc1 Bd7 14. h4 h5 15.
d5 exd5 16. Nxd5 Nxd5 17. Bg6+ Kf8 18. Qxd5 Be8 19. Qxd8 Nxd8 20. Bxe8 Kxe8 21.
a3 Ba5 22. Ke2 Kf7 23. Rhd1 Re8+ 24. Kf1 Ne6 25. Rd5 Rac8 26. Rxc8 Rxc8 27.
Rd7+ Kg6 28. Rd6 Rc1+ 29. Ke2 Kf7 30. Rxa6 Bd8 31. Kd2 Rc5 32. b4 Rd5+ 33. Kc3
Rf5 34. Rd6 Be7 35. Rd7 Ke8 36. Rd1 g5 37. Re1 Kf7 38. Re4 Rd5 39. Nd4 Nd8 40.
hxg5 Rxg5 41. Nf3 Rf5 42. Rf4 Rd5 43. Rd4 Rf5 44. Rd7 Ke8 45. Rd2 Kf7 46. Kd4
h4 47. Nxh4 Rg5 48. Nf3 Rg4+ 49. Kc3 Nc6 50. Rd5 Nxb4 51. axb4 Rc4+ 52. Kd3
Rxb4 53. Nd4 Rb1 54. Rxb5 Rg1 55. Nf5 Ba3 56. Rb7+ Kg6 57. Nh4+ 1-0

[Event "European Individual Chess Championship "]
[Site "Reykjavik, Iceland"]
[Date "2021.08.31"]
[Round "6.53"]
[White "Lubbe, Nikolas"]
[Black "Jonsson, Gauti Pall"]
[Result "1-0"]
[WhiteElo "2427"]
[BlackElo "2070"]
[PlyCount "55"]
[EventDate "2021.08.26"]

1. Nf3 e6 2. b3 f5 3. Bb2 Nf6 4. d3 Bb4+ 5. Nbd2 O-O 6. g3 d6 7. Bg2 e5 8. a3
Ba5 9. b4 Bb6 10. c4 Ng4 11. c5 dxc5 12. h3 cxb4 13. Qb3+ Kh8 14. hxg4 fxg4 15.
Nxe5 Bxf2+ 16. Kd1 Qe8 17. Be4 Be6 18. Qxb4 Na6 19. Rxh7+ Kg8 20. Nxg4 Rf6 21.
Nxf6+ gxf6 22. Qc3 Qa4+ 23. Qc2 Qb5 24. Bxf6 Nc5 25. Bg6 Kf8 26. Rh8+ Bg8 27.
Rxg8+ Kxg8 28. Qa2+ 1-0

[Event "European Individual Chess Championship "]
[Site "Reykjavik, Iceland"]
[Date "2021.08.31"]
[Round "6.54"]
[White "Birkisson, Bardur Orn"]
[Black "Koellner, Ruben Gideon"]
[Result "0-1"]
[WhiteElo "2163"]
[BlackElo "2418"]
[PlyCount "68"]
[EventDate "2021.08.26"]

1. c4 Nf6 2. g3 e6 3. Bg2 d5 4. Nf3 dxc4 5. O-O Nbd7 6. Qc2 Nb6 7. a4 a5 8. Na3
Bd7 9. Nxc4 Nxc4 10. Qxc4 Bc6 11. d3 Bb4 12. e4 O-O 13. Ne5 Be8 14. d4 Nd7 15.
Nd3 Nb6 16. Qb3 Qxd4 17. Be3 Qc4 18. Qxc4 Nxc4 19. Bf4 e5 20. Bxe5 Nxe5 21.
Nxe5 Rd8 22. Rfc1 f6 23. Nc4 c6 24. Rd1 Bf7 25. Bf1 Bh5 26. Rxd8 Rxd8 27. e5
Rd1 28. Rxd1 Bxd1 29. exf6 gxf6 30. Nb6 Bc5 31. Nd7 Bd4 32. Bc4+ Kg7 33. b3 Bg4
34. Nb8 Ba7 0-1

[Event "European Individual Chess Championship "]
[Site "Reykjavik, Iceland"]
[Date "2021.08.31"]
[Round "6.55"]
[White "Krastev, Alexander"]
[Black "Hardarson, Petur Palmi"]
[Result "1-0"]
[WhiteElo "2389"]
[BlackElo "2084"]
[PlyCount "65"]
[EventDate "2021.08.26"]

1. e4 c5 2. Nc3 Nc6 3. Nf3 e5 4. Bc4 Be7 5. d3 d6 6. Nd2 Bg5 7. h4 Bxd2+ 8.
Bxd2 Nf6 9. Nd5 Nxd5 10. Bxd5 Qe7 11. c3 Be6 12. Qf3 Bxd5 13. exd5 Nb8 14. h5
Nd7 15. O-O-O O-O-O 16. g4 Kb8 17. c4 Ka8 18. Qg3 Rhf8 19. f4 f6 20. Rde1 b5
21. Qf3 Nb6 22. b3 b4 23. Qe4 h6 24. Rhf1 Nd7 25. Qf5 Qf7 26. Qe6 f5 27. Qxd6
fxg4 28. fxe5 Qxf1 29. Rxf1 Rxf1+ 30. Kc2 Kb7 31. e6 Nf6 32. Qc6+ Kb8 33. e7
1-0

[Event "European Individual Chess Championship "]
[Site "Reykjavik, Iceland"]
[Date "2021.08.31"]
[Round "6.56"]
[White "Birkisson, Bjorn Holm"]
[Black "Kjartansson, David"]
[Result "0-1"]
[WhiteElo "2064"]
[BlackElo "2326"]
[PlyCount "72"]
[EventDate "2021.08.26"]

1. d4 Nf6 2. c4 e6 3. Nc3 d5 4. cxd5 Nxd5 5. e4 Nxc3 6. bxc3 c5 7. Nf3 cxd4 8.
cxd4 Bb4+ 9. Bd2 Bxd2+ 10. Qxd2 O-O 11. Bc4 Nd7 12. O-O Nf6 13. Qe3 b6 14. Ne5
Bb7 15. f3 Rc8 16. Rfd1 Qe7 17. Rac1 h6 18. Qb3 Rfd8 19. a4 Nd7 20. Nd3 Nb8 21.
Nf4 Kh8 22. Qe3 Qb4 23. Nd3 Qxa4 24. Ne5 Qe8 25. Qf4 f6 26. Ng4 Nc6 27. Nxf6
Qf7 28. Nd5 Qg6 29. Nc7 Nxd4 30. Rxd4 Rxd4 31. Bxe6 Rcd8 32. Bf5 Rd1+ 33. Rxd1
Rxd1+ 34. Kf2 Qg5 35. Qxg5 hxg5 36. e5 Kg8 0-1

[Event "European Individual Chess Championship "]
[Site "Reykjavik, Iceland"]
[Date "2021.08.31"]
[Round "6.57"]
[White "Johannsson, Birkir Isak"]
[Black "Jacobsen, Mikkel Manosri"]
[Result "1-0"]
[WhiteElo "2052"]
[BlackElo "2309"]
[PlyCount "95"]
[EventDate "2021.08.26"]

1. c4 c6 2. Nf3 d5 3. e3 Nf6 4. Nc3 e6 5. d4 Nbd7 6. Bd3 Be7 7. O-O O-O 8. e4
dxc4 9. Bxc4 b5 10. Bd3 h6 11. e5 Nd5 12. Nxd5 exd5 13. Qc2 Bb7 14. Be3 Rc8 15.
Qd2 Re8 16. Rac1 a5 17. Ne1 Qb6 18. Bf5 Rcd8 19. Bxh6 c5 20. Be3 c4 21. f4 Nf8
22. Bb1 a4 23. f5 a3 24. b3 Rc8 25. Bc2 Rc6 26. Nf3 b4 27. Qf2 Ba6 28. Rfe1
cxb3 29. Bxb3 Bc4 30. Ba4 Rec8 31. Bxc6 Rxc6 32. Qc2 Qb5 33. Nd2 Nd7 34. Rf1
Nb6 35. Rf3 Na4 36. f6 Bf8 37. Rg3 Nc3 38. fxg7 Bxg7 39. Nxc4 Qxc4 40. Re1 Qxa2
41. Qxa2 Nxa2 42. Bd2 Nc3 43. Kf1 a2 44. Ra1 b3 45. Bxc3 Rxc3 46. Rxc3 b2 47.
Rcc1 Bh6 48. Rd1 1-0

[Event "European Individual Chess Championship "]
[Site "Reykjavik, Iceland"]
[Date "2021.08.31"]
[Round "6.58"]
[White "Sylvan, Jacob"]
[Black "Domalchuk-Jonasson, Aleksandr"]
[Result "0-1"]
[WhiteElo "2307"]
[BlackElo "2052"]
[PlyCount "98"]
[EventDate "2021.08.26"]

1. c4 e6 2. g3 Nf6 3. Nf3 d5 4. Bg2 dxc4 5. Qa4+ Nbd7 6. Qxc4 a6 7. Qc2 c5 8.
O-O b6 9. Nc3 Bb7 10. Rd1 Rc8 11. b3 Be7 12. Bb2 O-O 13. Rac1 b5 14. d3 Qb6 15.
e4 Rfd8 16. Qe2 h6 17. h3 Nb8 18. g4 Nc6 19. g5 hxg5 20. Nxg5 e5 21. Qe3 Nd4
22. Nf3 Qd6 23. Ne2 Nh5 24. Bxd4 cxd4 25. Qd2 g6 26. Rxc8 Rxc8 27. Rc1 Kg7 28.
Rxc8 Bxc8 29. Qc1 Bd7 30. Bf1 Qf6 31. Bg2 Bxh3 32. Qc7 Bd6 33. Qc6 Bg4 34. Kf1
Bb4 35. Qxf6+ Kxf6 36. Nfg1 g5 37. f3 Be6 38. Bh3 Bd2 39. Bxe6 Kxe6 40. Nh3 Be3
41. Kg2 a5 42. Ng3 Nxg3 43. Kxg3 f5 44. Kg2 g4 45. fxg4 fxg4 46. Nf2 Bxf2 47.
Kxf2 Kf6 48. Kg2 Kg5 49. Kg3 Kh5 0-1

[Event "European Individual Chess Championship "]
[Site "Reykjavik, Iceland"]
[Date "2021.08.31"]
[Round "6.59"]
[White "Petursson, Gudni"]
[Black "Milikow, Yoav"]
[Result "0-1"]
[WhiteElo "1988"]
[BlackElo "2287"]
[PlyCount "96"]
[EventDate "2021.08.26"]

1. d4 Nf6 2. c4 e6 3. g3 d5 4. Nf3 Bb4+ 5. Bd2 a5 6. Bg2 O-O 7. O-O dxc4 8. Qc2
b5 9. a4 c6 10. Nc3 Qb6 11. e4 h6 12. Rad1 Be7 13. e5 Nd5 14. Ne4 Rd8 15. Qc1
Bf8 16. g4 Na6 17. g5 h5 18. g6 fxg6 19. Qb1 Bb4 20. Bc1 Ne7 21. Bg5 Nf5 22.
Bxd8 Qxd8 23. b3 Nc7 24. bxc4 bxc4 25. Qc2 Ba6 26. Nc5 c3 27. Nxa6 Rxa6 28. Kh1
Rb6 29. Qe4 Ba3 30. Ne1 Bb2 31. Nc2 Nd5 32. Rg1 Nb4 33. Ne1 Kh7 34. Bf1 Qd5 35.
Qxd5 cxd5 36. Bd3 Nxd3 37. Rxd3 Rb4 38. Nc2 Rxa4 39. Rb1 Rc4 40. Kg1 a4 41. Kf1
a3 42. Ke2 a2 43. Rbd1 Ne7 44. Rf3 Nc6 45. Rf8 Nxd4+ 46. Nxd4 Rxd4 47. Rxd4
a1=Q 48. Rb4 Ba3 0-1

[Event "European Individual Chess Championship "]
[Site "Reykjavik, Iceland"]
[Date "2021.08.31"]
[Round "6.60"]
[White "Karason, Askell O"]
[Black "Butenandt, Svenja"]
[Result "1/2-1/2"]
[WhiteElo "2270"]
[BlackElo "2036"]
[PlyCount "126"]
[EventDate "2021.08.26"]

1. d4 Nf6 2. c4 e6 3. Nc3 Bb4 4. Nf3 b6 5. Qb3 c5 6. Bg5 h6 7. Bh4 g5 8. Bg3
Ne4 9. e3 Nc6 10. d5 Na5 11. Qc2 Bxc3+ 12. bxc3 Nxg3 13. hxg3 Ba6 14. Rd1 Qf6
15. Nd2 e5 16. Ne4 Qg6 17. f4 gxf4 18. gxf4 exf4 19. exf4 O-O-O 20. f5 Qg4 21.
Bd3 Bxc4 22. O-O Bxd3 23. Qxd3 Nb7 24. d6 h5 25. Nf6 Qg5 26. Ne4 Qg4 27. Nf6
Qg5 28. Nd5 Rh6 29. f6 Kb8 30. Rf5 Qg4 31. Ne7 h4 32. Qf3 Qxf3 33. Rxf3 Rdh8
34. Kh2 Nd8 35. Rf5 Rh5 36. Rdd5 Rxf5 37. Nxf5 Rh5 38. Kh3 Rg5 39. Ne7 Rxd5 40.
Nxd5 Nb7 41. Kxh4 Nxd6 42. g4 Nc4 43. Kg5 Kc8 44. Kf5 Kd8 45. g5 Ke8 46. Ne7 b5
47. Nd5 Kf8 48. Ke4 a5 49. Nf4 b4 50. Kd5 Nd2 51. Kxc5 bxc3 52. Kb5 c2 53. Nd3
Ne4 54. Kxa5 Nxg5 55. Kb5 Ke8 56. Kc4 Ne4 57. Kb3 Nxf6 58. Kxc2 d5 59. Kc3 Kd7
60. a4 Kd6 61. Kd4 Nd7 62. a5 Kc6 63. a6 Kb6 1/2-1/2

[Event "European Individual Chess Championship "]
[Site "Reykjavik, Iceland"]
[Date "2021.08.31"]
[Round "6.61"]
[White "Johannsdottir, Johanna Bjorg"]
[Black "Vedder, Richard"]
[Result "0-1"]
[WhiteElo "2019"]
[BlackElo "2266"]
[PlyCount "50"]
[EventDate "2021.08.26"]

1. e4 e5 2. Nf3 Nc6 3. Bc4 Bc5 4. c3 Nf6 5. d3 a6 6. Bb3 Ba7 7. Nbd2 O-O 8. O-O
d6 9. Re1 Ng4 10. Re2 Kh8 11. h3 Nh6 12. Nf1 f5 13. Bg5 Qd7 14. Bxh6 gxh6 15.
Ng3 fxe4 16. Rxe4 Qg7 17. d4 Bd7 18. Qd3 exd4 19. cxd4 d5 20. Rh4 Rxf3 21. Qxf3
Nxd4 22. Qxd5 Bc6 23. Qf7 Nf3+ 24. Qxf3 Bxf3 25. Kf1 Qxb2 0-1

[Event "European Individual Chess Championship "]
[Site "Reykjavik, Iceland"]
[Date "2021.08.31"]
[Round "6.62"]
[White "Humburg, Philipp"]
[Black "Kueng, Nicolas"]
[Result "0-1"]
[WhiteElo "2245"]
[BlackElo "2005"]
[PlyCount "86"]
[EventDate "2021.08.26"]

1. e4 c5 2. Nf3 Nc6 3. Bb5 e6 4. O-O Nge7 5. Re1 Nd4 6. Bf1 Nec6 7. Na3 Be7 8.
g3 O-O 9. Bg2 a6 10. c3 Nxf3+ 11. Bxf3 b5 12. d4 cxd4 13. cxd4 Bb7 14. Nc2 Rc8
15. h4 Na5 16. Bg2 Qc7 17. Ne3 Nc4 18. Nf1 f5 19. b3 Nb6 20. Bf4 Qd8 21. exf5
Bxg2 22. Kxg2 Nd5 23. Bd2 Rxf5 24. Ne3 Nxe3+ 25. Bxe3 Qb6 26. Kg1 Qb7 27. Rc1
Rcf8 28. Qg4 R5f6 29. Bg5 Rxf2 30. Qh3 Rxa2 31. Qh1 Qb8 32. Re3 Ba3 33. Rd1
Rff2 34. Bf4 Bd6 35. Bxd6 Qxd6 36. Qa8+ Rf8 37. Qe4 a5 38. h5 h6 39. Rc1 Rd2
40. Rd3 Rxd3 41. Qxd3 Qd5 42. Rf1 Rxf1+ 43. Kxf1 Qf5+ 0-1

[Event "European Individual Chess Championship "]
[Site "Reykjavik, Iceland"]
[Date "2021.08.31"]
[Round "6.63"]
[White "Nielsen, Thomas"]
[Black "Papidakis, Georgios"]
[Result "0-1"]
[WhiteElo "1953"]
[BlackElo "2228"]
[PlyCount "66"]
[EventDate "2021.08.26"]

1. d4 Nf6 2. c4 e6 3. Nf3 Bb4+ 4. Nbd2 O-O 5. a3 Be7 6. e4 d6 7. Qc2 a5 8. b3
e5 9. Bb2 exd4 10. Nxd4 Nc6 11. Bd3 Ng4 12. O-O Nxd4 13. Bxd4 Bf6 14. Bxf6 Qxf6
15. Nf3 Bd7 16. Rad1 Bc6 17. h3 Ne5 18. Nxe5 Qxe5 19. f4 Qc5+ 20. Kh1 Qxa3 21.
e5 h6 22. exd6 cxd6 23. f5 a4 24. f6 axb3 25. Bh7+ Kh8 26. fxg7+ Kxg7 27. Qf5
Ra5 28. Qf6+ Kxh7 29. Rxd6 Bxg2+ 30. Kxg2 Rg5+ 31. Kh1 Rg6 32. Qxf7+ Rxf7 33.
Rxf7+ Rg7 0-1

[Event "European Individual Chess Championship "]
[Site "Reykjavik, Iceland"]
[Date "2021.08.31"]
[Round "6.64"]
[White "Haraldsson, Haraldur"]
[Black "Wecker, Martin"]
[Result "0-1"]
[WhiteElo "1918"]
[BlackElo "2195"]
[PlyCount "110"]
[EventDate "2021.08.26"]

1. d4 Nf6 2. c4 e6 3. Nf3 d5 4. Nc3 Bb4 5. Qa4+ Nc6 6. e3 O-O 7. Bd3 dxc4 8.
Bxc4 a6 9. O-O Bd6 10. Rd1 Qe8 11. e4 e5 12. d5 Nd4 13. Qxe8 Nxf3+ 14. gxf3
Rxe8 15. Be3 Nh5 16. Bf1 Bd7 17. Rac1 Rf8 18. Nb1 Nf4 19. Nd2 Ng6 20. Nc4 Rfc8
21. Nxd6 cxd6 22. Bb6 Kf8 23. Bc7 Ke7 24. Rc3 Nf4 25. Rdc1 f5 26. R1c2 g5 27.
Bb6 Rxc3 28. Rxc3 Rc8 29. Be3 h5 30. Rxc8 Bxc8 31. h3 Bd7 32. Kh2 Kf6 33. Bb6
Ke7 34. b3 h4 35. a4 g4 36. hxg4 fxg4 37. fxg4 Bxg4 38. Bg2 Bd1 39. a5 Bxb3 40.
Bh3 Ba4 41. Bg4 Bd7 42. Bf3 Nd3 43. Bh5 Nc5 44. f3 Nd3 45. Bc7 Nb2 46. Kg2 Nc4
47. f4 exf4 48. Kf3 h3 49. Kxf4 h2 50. Bf3 Bg4 51. Bg2 Ne5 52. Kg3 Bf3 53. Kxh2
Bxg2 54. Kxg2 Nc4 55. Kf3 Kd7 0-1

[Event "European Individual Chess Championship "]
[Site "Reykjavik, Iceland"]
[Date "2021.08.31"]
[Round "6.65"]
[White "Gombocz, Ferenc Jr."]
[Black "Moller, Agnar T"]
[Result "1-0"]
[WhiteElo "2191"]
[BlackElo "1932"]
[PlyCount "159"]
[EventDate "2021.08.26"]

1. c4 e5 2. g3 Nf6 3. Bg2 c6 4. Nf3 e4 5. Nd4 Qb6 6. Nb3 a5 7. a4 Na6 8. O-O d5
9. cxd5 cxd5 10. Nc3 Be6 11. d3 Rd8 12. Nb5 exd3 13. exd3 d4 14. Bf4 Bb4 15.
Rc1 O-O 16. N3xd4 Rxd4 17. Be3 Rfd8 18. Nxd4 Rxd4 19. Qf3 Nd5 20. Bxd4 Qxd4 21.
Qe4 Qb6 22. d4 g6 23. Qd3 Nac7 24. f4 Bd6 25. Kh1 Bf5 26. Be4 Nb4 27. Qf3 Bxe4
28. Qxe4 f5 29. Qe3 Nbd5 30. Qd3 Nf6 31. Rf2 Qb4 32. Qc4+ Qxc4 33. Rxc4 h5 34.
Re2 Kf7 35. b3 Nfd5 36. Rc1 Kf6 37. h4 Kf7 38. Rce1 Bb4 39. Rc1 Bd6 40. Rf1 Kf6
41. Rfe1 Kf7 42. Kg2 Nc3 43. Rc2 N3d5 44. Kf3 Kf6 45. Re5 Bb4 46. Rc4 Bd6 47.
Rxc7 Nxc7 48. Rxa5 Ke6 49. Ra7 b6 50. a5 bxa5 51. Rxa5 Nd5 52. Ke2 Nc3+ 53. Ke3
Ne4 54. d5+ Kd7 55. Ra7+ Bc7 56. b4 Kc8 57. Ra6 Nd6 58. Kd4 Kd7 59. Rc6 Bb8 60.
Kd3 Ba7 61. Ke2 Ne4 62. Rxg6 Nc3+ 63. Kf3 Nxd5 64. Rg7+ Ne7 65. Rh7 Ke6 66.
Rxh5 Bd4 67. g4 fxg4+ 68. Kxg4 Nd5 69. Rxd5 Kxd5 70. Kf5 Kd6 71. Kg6 Ke7 72. h5
Kf8 73. h6 Kg8 74. f5 Bc3 75. b5 Bd4 76. f6 Bc5 77. f7+ Kh8 78. b6 Bd6 79. b7
Bf8 80. h7 1-0

[Event "European Individual Chess Championship "]
[Site "Reykjavik, Iceland"]
[Date "2021.08.31"]
[Round "6.66"]
[White "Kanyamarala, Trisha"]
[Black "Heidarsson, Arnar Milutin"]
[Result "1/2-1/2"]
[WhiteElo "2180"]
[BlackElo "1916"]
[PlyCount "74"]
[EventDate "2021.08.26"]

1. d4 Nf6 2. c4 e6 3. Nc3 Bb4 4. e3 O-O 5. Bd2 b6 6. Nf3 Bb7 7. Bd3 Bxc3 8.
Bxc3 Ne4 9. Bxe4 Bxe4 10. d5 exd5 11. Qd4 f6 12. cxd5 Bxf3 13. gxf3 c5 14. Qg4
Qe7 15. Rg1 d6 16. O-O-O Nd7 17. Rg3 Rae8 18. Rdg1 Rf7 19. Qh5 b5 20. Rh3 g6
21. Rxg6+ Kh8 22. Rg4 b4 23. Re4 Ne5 24. Bxe5 fxe5 25. Rg3 Ref8 26. Qg4 Qb7 27.
Qe6 Qa6 28. Rg1 Qxa2 29. Reg4 b3 30. Rg8+ Rxg8 31. Rxg8+ Kxg8 32. Qg4+ Rg7 33.
Qc8+ Kf7 34. Qe6+ Kf8 35. Qc8+ Kf7 36. Qe6+ Kf8 37. Qc8+ Kf7 1/2-1/2

[Event "European Individual Chess Championship "]
[Site "Reykjavik, Iceland"]
[Date "2021.08.31"]
[Round "6.67"]
[White "Ragnarsson, Johann"]
[Black "Player, Edmund C"]
[Result "1-0"]
[WhiteElo "1916"]
[BlackElo "2172"]
[PlyCount "56"]
[EventDate "2021.08.26"]

1. d4 d5 2. c4 dxc4 3. Nf3 Nf6 4. e3 a6 5. Bxc4 b5 6. Bb3 Bb7 7. O-O e6 8. Qe2
Nbd7 9. Nc3 c5 10. Rd1 Qc7 11. e4 b4 12. e5 bxc3 13. exf6 Nxf6 14. bxc3 Be7 15.
Ba4+ Bc6 16. Bf4 Qc8 17. Bc2 O-O 18. Ne5 Rd8 19. Bg5 Rb8 20. Bxf6 Bxf6 21.
Bxh7+ Kf8 22. Bd3 a5 23. Qh5 Qc7 24. Nxf7 Rd5 25. Ne5 Bxe5 26. dxe5 Rxe5 27.
Qh4 Rd5 28. Bg6 Qe5 1-0

[Event "European Individual Chess Championship "]
[Site "Reykjavik, Iceland"]
[Date "2021.08.31"]
[Round "6.68"]
[White "Briem, Benedikt"]
[Black "Pappelis, Dimitrios"]
[Result "1/2-1/2"]
[WhiteElo "1858"]
[BlackElo "2160"]
[PlyCount "98"]
[EventDate "2021.08.26"]

1. d4 d5 2. c4 c6 3. Nc3 Nf6 4. e3 e6 5. Nf3 Nbd7 6. Be2 Bd6 7. O-O dxc4 8. a4
O-O 9. Nd2 e5 10. Nxc4 Bc7 11. b3 exd4 12. Qxd4 Nb6 13. Qxd8 Rxd8 14. Ba3 Nxc4
15. Bxc4 Be5 16. Rac1 Be6 17. Be7 Rd7 18. Bxf6 Bxf6 19. Bxe6 fxe6 20. Ne4 Be7
21. Rfd1 Rad8 22. Rxd7 Rxd7 23. Kf1 Kf7 24. Ke2 e5 25. Rc3 Ke6 26. f3 Rd8 27.
g4 a5 28. h3 Bb4 29. Rd3 Rxd3 30. Kxd3 Kd5 31. h4 Be7 32. h5 b5 33. g5 bxa4 34.
bxa4 Ke6 35. g6 hxg6 36. hxg6 Kf5 37. Nd2 Bd6 38. Ne4 Bb4 39. Kc4 Kxg6 40. Nf2
Kf5 41. Kd3 Be7 42. Nd1 Ke6 43. e4 g6 44. Ne3 Bd6 45. Nc4 Bc7 46. Ke3 Kf6 47.
Kf2 Kg5 48. Kg3 Kh6 49. Kh3 Kh5 1/2-1/2

[Event "European Individual Chess Championship "]
[Site "Reykjavik, Iceland"]
[Date "2021.08.31"]
[Round "6.69"]
[White "Gudmundsson, Gunnar Erik"]
[Black "Bergsson, Stefan"]
[Result "0-1"]
[WhiteElo "1844"]
[BlackElo "2158"]
[PlyCount "60"]
[EventDate "2021.08.26"]

1. d4 d5 2. c4 c6 3. Nc3 Nf6 4. e3 e6 5. Nf3 Nbd7 6. Be2 Bd6 7. O-O O-O 8. b3
e5 9. dxe5 Nxe5 10. cxd5 Nxf3+ 11. Bxf3 Be5 12. Ba3 Bxc3 13. Rc1 Be5 14. Bxf8
Qxf8 15. dxc6 bxc6 16. Bxc6 Rb8 17. Qd2 g6 18. Rfd1 Bg4 19. f3 Be6 20. Qa5 Bd6
21. Qxa7 Rb4 22. Qa5 Bxh2+ 23. Kf2 Rb8 24. Rd4 Rc8 25. Qd2 Be5 26. Ra4 Rd8 27.
Qa5 Qd6 28. Qb4 Bg3+ 29. Kf1 Qd3+ 30. Kg1 Qxe3+ 0-1

[Event "European Individual Chess Championship "]
[Site "Reykjavik, Iceland"]
[Date "2021.08.31"]
[Round "6.70"]
[White "Stremavicius, Pijus"]
[Black "Acevedo Mendez, Lisseth"]
[Result "1-0"]
[WhiteElo "2146"]
[BlackElo "1825"]
[PlyCount "79"]
[EventDate "2021.08.26"]

1. d4 Nf6 2. Nf3 g6 3. Nc3 Bg7 4. e4 d6 5. Bc4 O-O 6. Qe2 c5 7. dxc5 dxc5 8. e5
Ne8 9. e6 fxe6 10. Bxe6+ Kh8 11. Ng5 Nd6 12. Be3 Rf6 13. Bxc8 Qxc8 14. Nd5 Nc6
15. Nxf6 Bxf6 16. c3 Qf5 17. Nf3 b5 18. O-O Rf8 19. Rad1 a6 20. Qd3 c4 21. Qd5
Rc8 22. Rfe1 Kg7 23. Bc5 Nf7 24. Qxf5 gxf5 25. Nd4 Nxd4 26. Bxd4 Rc6 27. Rxe7
Kg6 28. Bxf6 Rxf6 29. Rdd7 h6 30. f3 f4 31. Kf2 h5 32. Rxf7 Rxf7 33. Rxf7 Kxf7
34. g3 fxg3+ 35. hxg3 Kf6 36. g4 hxg4 37. fxg4 a5 38. a3 a4 39. Ke3 Kg5 40. Kd4
1-0

[Event "European Individual Chess Championship "]
[Site "Reykjavik, Iceland"]
[Date "2021.08.31"]
[Round "6.71"]
[White "Jonsson, Olafur Gisli"]
[Black "Mai, Alexander Oliver"]
[Result "0-1"]
[WhiteElo "1800"]
[BlackElo "2090"]
[PlyCount "74"]
[EventDate "2021.08.26"]

1. d4 Nf6 2. Nf3 g6 3. c4 Bg7 4. Nc3 O-O 5. Bg5 d6 6. e3 c5 7. d5 e6 8. Be2 h6
9. Bh4 exd5 10. cxd5 g5 11. Bg3 Nh5 12. Qc2 Nxg3 13. hxg3 Nd7 14. Ne4 f5 15.
Nxd6 Qf6 16. Nxf5 Qxf5 17. Bd3 Qf6 18. O-O-O Ne5 19. Nxe5 Qxe5 20. Kb1 Bd7 21.
Qe2 Rae8 22. Rd2 a6 23. Bg6 Rd8 24. e4 Rf6 25. Bh5 b5 26. Rc1 c4 27. Qe3 Rc8
28. Be2 Re8 29. f3 Qxg3 30. Bf1 Qe5 31. Qa7 Rd6 32. a3 Rc8 33. Rdc2 Qd4 34.
Qxd4 Bxd4 35. g3 Rf8 36. Bg2 Be5 37. g4 Rb8 0-1

[Event "European Individual Chess Championship "]
[Site "Reykjavik, Iceland"]
[Date "2021.08.31"]
[Round "6.72"]
[White "Halldorsson, Jon Arni"]
[Black "Patt, Zafrir"]
[Result "1-0"]
[WhiteElo "2115"]
[BlackElo "1677"]
[PlyCount "79"]
[EventDate "2021.08.26"]

1. d4 Nf6 2. c4 e6 3. Nc3 Bb4 4. Qc2 O-O 5. a3 Bxc3+ 6. Qxc3 d5 7. Bg5 h6 8.
Bh4 Nbd7 9. e3 b6 10. cxd5 exd5 11. Qc6 Rb8 12. Bg3 Bb7 13. Qxc7 Qxc7 14. Bxc7
Rbc8 15. Bd6 Rfe8 16. Bd3 Ne4 17. Bf4 Nf8 18. Ne2 Ne6 19. Be5 f6 20. Bg3 Nxg3
21. hxg3 Ng5 22. Nc3 a6 23. Rc1 Ne4 24. Bxe4 dxe4 25. Kd2 b5 26. Ne2 Kf7 27.
Rxc8 Rxc8 28. Rc1 Rxc1 29. Kxc1 g5 30. Kc2 Ke6 31. Kc3 a5 32. Nc1 Bd5 33. Nb3
Bxb3 34. Kxb3 Kd5 35. g4 Kc6 36. a4 Kb6 37. axb5 Kxb5 38. g3 a4+ 39. Kc3 Ka5
40. Kc4 1-0

[Event "European Individual Chess Championship "]
[Site "Reykjavik, Iceland"]
[Date "2021.08.31"]
[Round "6.73"]
[White "Mai, Aron Thor"]
[Black "Agustsson, Hafsteinn"]
[Result "0-1"]
[WhiteElo "2110"]
[BlackElo "1803"]
[PlyCount "88"]
[EventDate "2021.08.26"]

1. Nf3 d5 2. g3 Nf6 3. Bg2 e6 4. O-O c5 5. d3 Nc6 6. Nbd2 Bd6 7. e4 O-O 8. Re1
Qc7 9. c3 b6 10. Qe2 e5 11. exd5 Nxd5 12. Nxe5 Nxe5 13. Bxd5 Rb8 14. f4 Bg4 15.
Qf1 Nd7 16. h3 Nf6 17. Bb3 Bd7 18. Ne4 Nh5 19. Bd1 Nf6 20. Nxf6+ gxf6 21. Be3
f5 22. Kh2 h6 23. d4 Be6 24. Bf3 cxd4 25. Bxd4 Kh7 26. Qd3 Rbd8 27. Bg4 Qc8 28.
b4 Rg8 29. Rad1 Rg6 30. Bh5 Rgg8 31. a3 Bb3 32. Bg4 Kg6 33. Rd2 Bc4 34. Qb1 h5
35. Bd1 h4 36. Rg1 hxg3+ 37. Rxg3+ Kh6 38. Rf2 Rxg3 39. Kxg3 Qe6 40. Kh2 Rg8
41. Bf3 Bxf4+ 42. Kh1 Bd5 43. c4 Bxf3+ 44. Rxf3 Qc6 0-1

[Event "European Individual Chess Championship "]
[Site "Reykjavik, Iceland"]
[Date "2021.08.31"]
[Round "6.74"]
[White "Ingason, Sigurdur"]
[Black "Ptacnikova, Lenka"]
[Result "0-1"]
[WhiteElo "1805"]
[BlackElo "2109"]
[PlyCount "58"]
[EventDate "2021.08.26"]

1. d4 Nf6 2. c4 e6 3. Nc3 Bb4 4. e3 O-O 5. Nge2 d5 6. a3 Be7 7. cxd5 exd5 8.
Nf4 c6 9. Bd3 Nbd7 10. O-O Bd6 11. Qf3 Re8 12. Bd2 Nf8 13. Nh5 Ne4 14. Bxe4
dxe4 15. Nxe4 Bxh2+ 16. Kxh2 Qh4+ 17. Kg1 Rxe4 18. Ng3 Rg4 19. Ne2 Be6 20. Nc3
Rd8 21. g3 Rg6 22. Qe4 Qh5 23. Qh1 Bh3 24. Rfd1 Ne6 25. Ne2 Ng5 26. f4 Qxe2 27.
fxg5 Bg4 28. Qh4 Bf3 29. Qh3 Rxg5 0-1